Проблема сохранения деревянного зодчества г. Томска; Известия Томского политехнического университета [Известия ТПУ]; Т. 317, № 6 : Экономика. Философия, социология и культурология

Dades bibliogràfiques
Parent link:Известия Томского политехнического университета [Известия ТПУ]/ Томский политехнический университет (ТПУ).— , 2000-
Т. 317, № 6 : Экономика. Философия, социология и культурология.— 2010.— [С. 228-236]
Altres autors: Дульзон А. А. Альфред Андреевич, Лисовская Н. А., Пфайфер М., Эккерт Х.
Sumari:Заглавие с титульного листа
Электронная версия печатной публикации
Обсуждена культурно-историческая ценность объектов деревянного зодчества г. Томска и обоснована необходимость и целесообразность их сохранения. Подчеркивается, что вопреки распространенному мнению о недолговечности дерева как строительного материала срок службы деревянных домов может достигать многих сотен лет. Анализируются основные причины неудовлетворительного состояния большинства деревянных домов города и современные проблемы их сохранения. Рассмотрены возможности нахождения улучшающих решений, предложены пути частичного решения проблемы.
Idioma:rus
Publicat: 2010
Col·lecció:Философия, социология и культурология
Matèries:
Accés en línia:http://www.lib.tpu.ru/fulltext/v/Bulletin_TPU/2010/v317/i6/49.pdf
Format: MixedMaterials Electrònic Capítol de llibre
KOHA link:https://koha.lib.tpu.ru/cgi-bin/koha/opac-detail.pl?biblionumber=194134

MARC

LEADER 00000nla2a2200000 4500
001 194134
005 20240708141650.0
035 |a (RuTPU)RU\TPU\book\211733 
035 |a RU\TPU\book\211732 
090 |a 194134 
100 |a 20110405d2010 k y0rusy50 ca 
101 0 |a rus 
102 |a RU 
135 |a drnn ---uucaa 
181 0 |a i  
182 0 |a b 
200 1 |a Проблема сохранения деревянного зодчества г. Томска  |f А. А. Дульзон [и др.] 
203 |a Текст  |c электронный 
215 |a 1 файл (88 Кб) 
225 1 |a Философия, социология и культурология 
300 |a Заглавие с титульного листа 
300 |a Электронная версия печатной публикации 
320 |a [Библиогр.: с. 236 (3 назв.)] 
330 |a Обсуждена культурно-историческая ценность объектов деревянного зодчества г. Томска и обоснована необходимость и целесообразность их сохранения. Подчеркивается, что вопреки распространенному мнению о недолговечности дерева как строительного материала срок службы деревянных домов может достигать многих сотен лет. Анализируются основные причины неудовлетворительного состояния большинства деревянных домов города и современные проблемы их сохранения. Рассмотрены возможности нахождения улучшающих решений, предложены пути частичного решения проблемы. 
337 |a Adobe Reader 
461 1 |0 (RuTPU)RU\TPU\book\176237  |t Известия Томского политехнического университета [Известия ТПУ]  |f Томский политехнический университет (ТПУ)  |d 2000- 
463 1 |0 (RuTPU)RU\TPU\book\211506  |x 1684-8519  |t Т. 317, № 6 : Экономика. Философия, социология и культурология  |v [С. 228-236]  |d 2010  |p 248 с. 
610 1 |a деревянное зодчество 
610 1 |a культурное наследие 
610 1 |a деревянные дома 
610 1 |a долговечность 
610 1 |a разрушение 
610 1 |a снос 
610 1 |a причины 
610 1 |a реставрация 
610 1 |a реконструкция 
610 1 |a проблемы 
610 1 |a труды учёных ТПУ 
610 1 |a электронный ресурс 
701 1 |a Дульзон  |b А. А.  |c специалист в области техники высоких напряжений, управления проектами, управления персоналом  |c профессор Томского политехнического университета, доктор технических наук  |f 1937-2019  |g Альфред Андреевич  |3 (RuTPU)RU\TPU\pers\21958  |4 070  |9 9277 
701 1 |a Лисовская  |b Н. А. 
701 1 |a Пфайфер  |b М. 
701 1 |a Эккерт  |b Х. 
801 1 |a RU  |b 63413507  |c 20090623  |g PSBO 
801 2 |a RU  |b 63413507  |c 20211224  |g PSBO 
856 4 |u http://www.lib.tpu.ru/fulltext/v/Bulletin_TPU/2010/v317/i6/49.pdf 
942 |c CF